Capital Cites that start with A - Statistics

General Stats
  • This quiz has been taken 39 times
  • The average score is 15 of 16
Answer Stats
Hint Answer % Correct
Netherlands Amsterdam
100%
Andorra Andorra la Vella
100%
Turkey Ankara
100%
Greece Athens
100%
United Arab Emirates Abu Dhabi
97%
Nigeria Abuja
94%
Ghana Accra
94%
Ethiopia Addis Ababa
94%
Jordan Amman
94%
Paraguay Asunción
94%
Algeria Algiers
91%
Kazakhstan Astana
91%
Samoa Apia
89%
Madagascar Antananarivo
86%
Turkmenistan Ashgabat
80%
Eritrea Asmara
77%
No matching quizzes found
Score Distribution
Percent of People with Each Score
Percentile by Number Answered
Your Score History
You have not taken this quiz